Пути повышения производительности труда на предприятиях целлюлозно-бумажной промышленности. Ч. 2 (Запись № 9832839)

Подробности
000 -МАРКЕР
контрольное поле 01369nam2a22002291 4500
001 - ИДЕНТИФИКАТОР ЗАПИСИ
контрольное поле rc\3680306
005 - ИДЕНТИФИКАТОР ВЕРСИИ
контрольное поле 20250610095000.0
035 ## - ДРУГИЕ СИСТЕМНЫЕ НОМЕРА
Идентификатор записи (NLR Aleph) 007845663
100 ## - ДАННЫЕ ОБЩЕЙ ОБРАБОТКИ
Данные общей обработки 20130115d1971 |||y0rusy50 ca
101 0# - ЯЗЫК РЕСУРСА
Язык текста, звукозаписи и т.д. русский
102 ## - СТРАНА ПУБЛИКАЦИИ ИЛИ ПРОИЗВОДСТВА
Страна публикации Российская Федерация
105 ## - ПОЛЕ КОДИРОВАННЫХ ДАННЫХ: ТЕКСТОВЫЕ МАТЕРИАЛЫ, МОНОГРАФИЧЕСКИЕ
Кодированные данные о монографическом текстовом документе y z |||||
200 0# - ЗАГЛАВИЕ И СВЕДЕНИЯ ОБ ОТВЕТСТВЕННОСТИ
Основное заглавие Ч. 2
210 ## - ПУБЛИКАЦИЯ, РАСПРОСТРАНЕНИЕ И ДР.
Дата издания, распространения и т.д. 1971
Место издания, распространения и т.д. Б. м.
215 ## - ФИЗИЧЕСКАЯ ХАРАКТЕРИСТИКА
Специфическое обозначение материала и объем 68 с.
461 #0 - УРОВЕНЬ НАБОРА
Встроенное поле 001rc\3680304
-- 2001#$aПути повышения производительности труда на предприятиях целлюлозно-бумажной промышленности$eМатериалы к краткосрочному семинару 9-12 февр.$fПод ред. канд. экон. наук О.Г. Иоффе$gЛенингр. организация о-ва "Знание" РСФСР. Ленингр. дом науч.-техн. пропаганды. Ч. 1-$vЧ. 2
Системный номер (АБИС) связанной записи 9832827
Место публикации Ленинград
Дата публикации 1971-
Первые сведения об ответственности Под ред. канд. экон. наук О.Г. Иоффе
Имя издателя, распространителя и т.д. Б. и.
Сведения, относящиеся к заглавию Материалы к краткосрочному семинару 9-12 февр.
Заглавие Пути повышения производительности труда на предприятиях целлюлозно-бумажной промышленности
Номер тома Ч. 2
801 #0 - ИСТОЧНИК ЗАПИСИ
Страна Российская Федерация
Организация NLR
Правила каталогизации psbo
801 #1 - ИСТОЧНИК ЗАПИСИ
Страна Российская Федерация
Организация ELAR
Источник данных rusmarc
852 ## - МЕСТОНАХОЖДЕНИЕ И ШИФР ХРАНЕНИЯ
Идентификатор организации NLR
Шифр хранения (Call Number) 71-4/4146
942 ## - ДОПОЛНИТЕЛЬНЫЕ ЭЛЕМЕНТЫ ЗАПИСИ (АБИС)
Тип экземпляра АБИС Книга
980 ## - КОЛЛЕКЦИЯ
Название коллекции Национальная библиография
Экземпляры
Тип экземпляра Дата поступления Библиотека постоянного хранения Библиотека текущего хранения Место хранения Шифр хранения Штрих-код Статус экземпляра
Книга 26.10.2013 РНБ (Московский) РНБ (Московский) Русский книжный фонд: издания с 1957 года 71-4/4146 7845663-10